| 000 | 00500nam a2200169Ia 4500 | ||
|---|---|---|---|
| 008 | 190805s9999||||xx |||||||||||||| ||und|| | ||
| 020 |
_a9789352606221 _cRs. 745.00 |
||
| 082 | 0 | 4 |
_a915.4 _bH95 |
| 100 | 1 | _aHusain,Majid | |
| 245 | 1 | 0 |
_aGeography of India / _cMajid Husain |
| 250 | _a7th ed. | ||
| 260 |
_aChennai : _bMcGraw Hill Education India Pvt. Ltd., _c2018 |
||
| 300 |
_avarious paginations _b : ill., maps _c; 24 cm. |
||
| 650 | 0 | _aPhysical geography | |
| 942 | _cBK | ||
| 999 |
_c397 _d397 |
||